Normal view
MARC view
Entry Personal Name
001 - CONTROL NUMBER
- control field: 50637
003 - CONTROL NUMBER IDENTIFIER
- control field: dpl
005 - DATE AND TIME OF LATEST TRANSACTION
- control field: 20120731114352.0
008 - FIXED-LENGTH DATA ELEMENTS
- fixed length control field: 120731|||a|||||| | ||| d
040 ## - CATALOGING SOURCE
- Original cataloging agency: dpl
- Transcribing agency: dpl
100 ## - HEADING--PERSONAL NAME
- Personal name: Meenakshi F.Paul
670 ## - SOURCE DATA FOUND
- Source citation: Work cat.: (dpl): Short stories of Himachal Pardesh/, 2007
670 ## - SOURCE DATA FOUND
- Source citation: Work cat.: (dpl): Short stories of Himachal Pardesh/, 2007
